00394nam a2200145Ia 4500008004100000020001500041041001200056082001600068100001700084245008000101260002500181300000800206650001600214700001800230221030s9999 xx 000 0 und d a0074632930 aEnglish a105.23bNew aW. M. Newman 0aPrinciples of Interactive Computer Graphicscby W. M. Newman, R. F. Sproull bTMHaNew Delhic1997 a541 aBE Computer aR. F. Sproull